Corporate Governance (Record no. 9294)

MARC details
000 -LEADER
fixed length control field 00304nam a22001337a 4500
003 - CONTROL NUMBER IDENTIFIER
control field OSt
008 - FIXED-LENGTH DATA ELEMENTS--GENERAL INFORMATION
fixed length control field 201120b ||||| |||| 00| 0 eng d
100 ## - MAIN ENTRY--PERSONAL NAME
Personal name Arya, P. P.Ed etc
245 ## - TITLE STATEMENT
Title Corporate Governance
260 ## - PUBLICATION, DISTRIBUTION, ETC. (IMPRINT)
Place of publication, distribution, etc New Delhi
Name of publisher, distributor, etc Deep & Deep
Date of publication, distribution, etc 2006
300 ## - PHYSICAL DESCRIPTION
Extent 422
650 ## - SUBJECT ADDED ENTRY--TOPICAL TERM
Topical term or geographic name as entry element B.Com
942 ## - ADDED ENTRY ELEMENTS (KOHA)
Source of classification or shelving scheme Dewey Decimal Classification
Koha item type Text Books
Holdings
Withdrawn status Lost status Source of classification or shelving scheme Damaged status Not for loan Collection code Home library Current library Date acquired Source of acquisition Currency Cost, normal purchase price Bill Number Total Checkouts Acc. no. / Barcode Date last seen Actual Cost, discounted price Bill Date Koha item type
    Dewey Decimal Classification     B.Com PIET NCR College Library PIET NCR College Library 20/11/2020 Kirti Prakashan IN Rupees 680.00 IN487   N669 20/11/2020 408.00 16/09/2020 Reference Books
    Dewey Decimal Classification     B.Com PIET NCR College Library PIET NCR College Library 20/11/2020 Kirti Prakashan IN Rupees 680.00 IN487   N670 20/11/2020 408.00 16/09/2020 Text Books

Design & Developed by: PIET Central Library
R70 Miles Stone Pattikalyana Samalkha Panipat 132102
mail ID :- [email protected], Phone No:- 0180-2569700 Ex.216